<?xml version="1.0" encoding="UTF-8"?>
<marc:record xmlns:marc="http://www.loc.gov/MARC21/slim">
   <marc:leader>00000nam a2200000 a 4500</marc:leader>
   <marc:datafield ind1="1" ind2=" " tag="100">
      <marc:subfield code="a">TOGGOLINO</marc:subfield>
      <marc:subfield code="4">aut</marc:subfield>
      <marc:subfield code="e">Verfasser/-in</marc:subfield>
   </marc:datafield>
   <marc:datafield ind1=" " ind2=" " tag="653">
      <marc:subfield code="a">Weihnachten</marc:subfield>
   </marc:datafield>
   <marc:datafield ind1="0" ind2="0" tag="245">
      <marc:subfield code="a">WEIHNACHTEN MIT CAILLOU</marc:subfield>
   </marc:datafield>
   <marc:datafield ind1=" " ind2="1" tag="264">
      <marc:subfield code="a">München</marc:subfield>
      <marc:subfield code="b">Universum Film GmbH</marc:subfield>
      <marc:subfield code="c">2005</marc:subfield>
   </marc:datafield>
   <marc:datafield ind1="1" ind2=" " tag="520">
      <marc:subfield code="a">Es ist Winter im Hause von Caillous Familie und Weihnachten steht vor der Tür. Der 4-jährige kleine Junge begrüßt die gemütliche Vorweihnachtszeit mit großem Enthusiasmus: Er bastelt Weihnachtsgeschenke für alle seine Liebsten der Familie, lernt, wie andere kleine Jungen und Mädchen überall in der Welt unterschiedlich Weihnachten feiern, und schaufelt mit seinem Papa zusammen den Schnee vor der Haustüre weg. Caillou gefallen seine Ferien um Weihnachten einfach großartig, denn die ganze Familie sitzt zusammen, so dass Caillou und jedes Kind mit ihm einfach leuchtende Augen bekommt...</marc:subfield>
   </marc:datafield>
   <marc:datafield ind1=" " ind2=" " tag="020">
      <marc:subfield code="a">8697182829</marc:subfield>
      <marc:subfield code="9">8697182829</marc:subfield>
   </marc:datafield>
   <marc:datafield ind1="0" ind2=" " tag="490">
      <marc:subfield code="v">0</marc:subfield>
   </marc:datafield>
   <marc:datafield ind1=" " ind2=" " tag="300">
      <marc:subfield code="a">ca. 72 Min.</marc:subfield>
   </marc:datafield>
</marc:record>
